|
|
|
|
| LEADER |
00776nta a2200193 i 4500 |
| 001 |
dokt3736 |
| 005 |
20240903112407.0 |
| 008 |
170210s1984 hu om 000 hun d |
| 024 |
7 |
|
|a 2129770
|2 mtmt
|
| 040 |
|
|
|a SZTE Doktori Repozitórium
|b hun
|
| 041 |
|
|
|a hun
|
| 100 |
1 |
|
|a Bárdi Lajos
|
| 245 |
1 |
0 |
|a Gyarmati múlt és mai függőség Latin-Amerikában /A gyarmati kapitalista gazdálkodás eredményei és hatása a Karib-térségben, különös tekintettel Haiti, volt francia gyarmatra/
|h [elektronikus dokumentum] /
|c Bárdi Lajos
|
| 260 |
|
|
|c 1984
|
| 502 |
|
|
|a Disszertacio
|
| 650 |
|
4 |
|a történelemtudományok
|
| 650 |
|
4 |
|a Történettudomány
|
| 700 |
0 |
1 |
|a Nincs megadva
|e ths
|
| 856 |
4 |
0 |
|u https://doktori.bibl.u-szeged.hu/id/eprint/3736/1/1984_bardi_lajos.pdf
|z Dokumentum-elérés
|